| 000 | 00858nam a2200229Ia 4500 | ||
|---|---|---|---|
| 999 |
_c37757 _d37757 |
||
| 001 | 3733 | ||
| 003 | GE_BSU | ||
| 005 | 20190806161336.0 | ||
| 008 | 181216s1984||||ge |||||||||||||| ||geo|| | ||
| 040 | _cGE_BSU | ||
| 041 | _ageo | ||
| 080 | _a008 ქ–42 | ||
| 100 |
_aქერქაძე, დემურ _93421 |
||
| 245 |
_aერი და კულტურა / _cსაქართ. სსრ მეცნ. აკადემიის ფილოსოფიის ინ-ტი. |
||
| 264 |
_aთბილისი : _bმეცნიერება, _c1984. |
||
| 300 |
_a151 გვ. ; _b21 სმ. |
||
| 504 | _aბიბლიოგრ.: გვ. 149-150 | ||
| 653 | _a კულტურა | ||
| 653 | _aეროვნული საკითხი | ||
| 653 | _aკულტურის ფილოსოფია | ||
| 942 |
_cBK _2udc |
||